| 000 | 01044nam a22003137i 4500 | ||
|---|---|---|---|
| 003 | EG-GICUC | ||
| 005 | 20260411165124.0 | ||
| 008 | 260411s1978 nyu||||fr|||| 00| 0 eng d | ||
| 040 |
_aEG-GiCUC _beng _cEG-GiCUC _dEG-GiCUC _erda |
||
| 041 | _aeng | ||
| 082 | 0 | 4 |
_221 _a341.48 _bUN.C |
| 092 | 0 | 4 | _221 |
| 099 | _aLaw1 11 341.48 UN.C 1978 | ||
| 110 |
_kUnited Nations _eAuthor. |
||
| 245 |
_aCommission On Human Rights : _bReport On The Thirty-Fourth Session (6 February – 10 March 1978) / _cUnited Nations . |
||
| 264 |
_aNew York : _bUnited Nations , _c1978 . |
||
| 300 |
_a178 pages , _c24 cm _billustrations, |
||
| 336 |
_2rda content _atext |
||
| 337 |
_2rda media _aComputer |
||
| 338 |
_2rda carrier _aOnline Resource |
||
| 490 |
_aEconomic And Social Council Official Records _vNo.4 |
||
| 504 | _aBibliography: pages 200-250. | ||
| 546 | _aText in English | ||
| 650 | 1 |
_aHuman Rights _2qrmak |
|
| 651 | 1 | _2qrmak | |
| 856 | 4 | 0 | _uhttps://fll.law.cu.edu.eg/fulltext/bks/B11-07928.pdf |
| 905 | _a60 | ||
| 942 |
_2ddc _cBK _e21 _n0 |
||
| 999 |
_c70111 _d70111 |
||